Son of Hamas / (Record no. 11178)

MARC details
000 -LEADER
fixed length control field 02004cam a2200349 a 4500
001 - CONTROL NUMBER
control field 436617370
003 - CONTROL NUMBER IDENTIFIER
control field OCoLC
005 - DATE AND TIME OF LATEST TRANSACTION
control field 20241021101647.0
008 - FIXED-LENGTH DATA ELEMENTS--GENERAL INFORMATION
fixed length control field 091102s2010 ilub b 000 0aeng
010 ## - LIBRARY OF CONGRESS CONTROL NUMBER
LC control number 2009046326
020 ## - INTERNATIONAL STANDARD BOOK NUMBER
International Standard Book Number 9781414333076 (hc)
020 ## - INTERNATIONAL STANDARD BOOK NUMBER
International Standard Book Number 1414333072 (hc)
020 ## - INTERNATIONAL STANDARD BOOK NUMBER
International Standard Book Number 9781414336688 (international trade paper ed.)
020 ## - INTERNATIONAL STANDARD BOOK NUMBER
International Standard Book Number 1414336683 (international trade paper ed.)
020 ## - INTERNATIONAL STANDARD BOOK NUMBER
Canceled/invalid ISBN 1414336683 (international trade paper ed.)
035 ## - SYSTEM CONTROL NUMBER
System control number (OCoLC)436617370
040 ## - CATALOGING SOURCE
Original cataloging agency DLC
Transcribing agency DLC
Modifying agency IG#
-- BTCTA
-- UPZ
-- IH9
-- YDXCP
-- ABG
-- VP@
-- IXA
-- SINLB
-- CDX
-- BWX
043 ## - GEOGRAPHIC AREA CODE
Geographic area code a-is---
050 00 - LIBRARY OF CONGRESS CALL NUMBER
Classification number 248.2 Y82S
Item number A3 2010
082 00 - DEWEY DECIMAL CLASSIFICATION NUMBER
Classification number 248.2 Y82S
-- B
Edition number 22
100 1# - MAIN ENTRY--PERSONAL NAME
Personal name Yousef, Mosab Hassan
9 (RLIN) 181
245 10 - TITLE STATEMENT
Title Son of Hamas /
Statement of responsibility, etc. Mosab Hassan Yousef ; with Ron Brackin
260 ## - PUBLICATION, DISTRIBUTION, ETC.
Place of publication, distribution, etc. [Carol Stream, Ill.] :
Name of publisher, distributor, etc. SaltRiver,
Date of publication, distribution, etc. c2010
300 ## - PHYSICAL DESCRIPTION
Extent xv, 265 p. :
Other physical details map ;
Dimensions 24 cm
504 ## - BIBLIOGRAPHY, ETC. NOTE
Bibliography, etc. note Includes bibliographical references (p. 263-265)
505 0# - FORMATTED CONTENTS NOTE
Formatted contents note Captured -- The ladder of faith -- Muslim brotherhood -- Throwing stones-- Survival -- A hero's return -- Radical -- Fanning the flames -- Guns -- The slaughterhouse -- The offer -- Number 823 -- Trust no one -- Riot -- Damascus Road -- Second Intifada -- Undercover -- Most wanted -- Shoes -- Torn -- The game -- Defensive shield -- Supernatural protection -- Protective custody -- Saleh -- A vision for Hamas -- Good-bye
520 ## - SUMMARY, ETC.
Summary, etc. The oldest son of Sheikh Hassan Yousef, a founding member of Hamas and its most popular leader, reveals new information about the world's most dangerous terrorist organization and unveils the truth about his own role, his agonizing separation from family and homeland, the dangerous decision to make his newfound faith public, and his belief that the Christian mandate to "love your enemies" is the only way to peace in the Middle East
600 10 - SUBJECT ADDED ENTRY--PERSONAL NAME
Personal name Yousef, Mosab Hassan
9 (RLIN) 182
650 #0 - SUBJECT ADDED ENTRY--TOPICAL TERM
Topical term or geographic name entry element Christian converts from Islam
Geographic subdivision Israel
Form subdivision Biography
9 (RLIN) 183
700 1# - ADDED ENTRY--PERSONAL NAME
Personal name Brackin, Ron
9 (RLIN) 184
942 ## - ADDED ENTRY ELEMENTS (KOHA)
Source of classification or shelving scheme Dewey Decimal Classification
Koha item type Books
Holdings
Withdrawn status Lost status Source of classification or shelving scheme Damaged status Not for loan Collection code Home library Current library Shelving location Date acquired Total Checkouts Full call number Barcode Date last seen Price effective from Koha item type
    Dewey Decimal Classification     Non-fiction Harvest Mission College Harvest Mission College General Stacks 21.10.2024   248.2 Y82S 013094 21.10.2024 21.10.2024 Books

OPAC Designed and Maintained by HMC Library Team.
Copyright © HMC Library,Greater Noida, UP.
For any Suggestions/Query Contact library via Email:libhmc@gmail.com